Debütantenmannschaften bei der Europameisterschaft - Statistiken

Allgemein
  • Dieses Quiz wurde 11 mal gespielt
  • Das Durchschnittsergebnis liegt bei 9 aus 40
Antwortstatistiken
Hint Antwort % Korrekt
Sowjetunion 1960
90%
Griechenland 1980
60%
Deutschland 1992
60%
Island 2016
50%
Georgien 2024
50%
Jugoslawien 1960
40%
Frankreich 1960
40%
Westdeutschland 1972
40%
Tschechoslowakei 1960
30%
Ungarn 1964
30%
Belgien 1972
30%
Tschechische Republik 1996
30%
Ukraine 2012
30%
Wales 2016
30%
Finnland 2020
30%
Nord-Mazedonien 2020
30%
Spanien 1964
20%
Rumänien 1984
20%
Portugal 1984
20%
Kroatien 1996
20%
Türkei 1996
20%
Lettland 2004
20%
Österreich 2008
20%
Slowakei 2016
20%
Irland 1988
10%
Schweden 1992
10%
Bulgarien 1996
10%
Russland 1996
10%
Schweiz 1996
10%
Norwegen 2000
10%
Albanien 2016
10%
Nordirland 2016
10%
Dänemark 1964
0%
Italien 1968
0%
England 1968
0%
Niederlande 1976
0%
Schottland 1992
0%
Slowenien 2000
0%
Polen 2005
0%
Serbien 2024
0%
Keine übereinstimmenden Quizze gefunden
Verteilung der Resultate
Anzahl Personen mit jedem Resultat
Perzentil nach korrekt beantworteten Fragen
Ihre Resultats-Entwicklung
Sie haben dieses Quiz noch nicht gespielt